{"text_format":"3","workbook":"xlsx","n_sheets":1,"sheets":["t63"],"read":"whole","date_system":"1900"}

{"sheet":"t63","index":0,"n_rows":203,"n_cols":7,"rows_kept":203,"merged":[[0,0,0,6],[30,0,30,5],[49,0,49,5],[157,0,157,5]]}
["TABELA 63.1 - Estatísticas Agrícolas, Município de Barretos, Estado de São Paulo, 2007/08."]
["ITEM","UNIDADE","N.DE UPAs","MÍNIMO","MÉDIO","MÁXIMO","TOTAL"]
["Distância à sede do município","km",{"v":1232,"d":"1,232"},0.5,{"v":21.24,"d":"21.2"},{"v":52,"d":"52.0"},"-"]
["Área total","hectare",{"v":1232,"d":"1,232"},0.6,{"v":118.96,"d":"119.0"},{"v":3824.4,"d":"3,824.4"},{"v":146552.7,"d":"146,552.7"}]
["Área com cultura perene","hectare",306,0.2,{"v":65.19,"d":"65.2"},{"v":3388.2,"d":"3,388.2"},{"v":19948.3,"d":"19,948.3"}]
["Área com cultura temporária","hectare",714,0.2,104.7,{"v":2649.5,"d":"2,649.5"},{"v":74758.4,"d":"74,758.4"}]
["Área com pastagem","hectare",808,0.2,{"v":40.15,"d":"40.2"},{"v":2356,"d":"2,356.0"},{"v":32440.9,"d":"32,440.9"}]
["Área com reflorestamento","hectare",38,0.1,{"v":3.55,"d":"3.6"},53.6,134.8]
["Área com vegetação natural","hectare",597,0.1,{"v":15.61,"d":"15.6"},{"v":1120,"d":"1,120.0"},{"v":9319.8,"d":"9,319.8"}]
["Área com vegetação de brejo e várzea","hectare",676,0.1,{"v":10.76,"d":"10.8"},387.2,{"v":7273.8,"d":"7,273.8"}]
["Área em descanso","hectare",86,0.3,{"v":9.83,"d":"9.8"},{"v":110,"d":"110.0"},845.5]
["Área complementar","hectare",{"v":1051,"d":"1,051"},0.1,{"v":1.74,"d":"1.7"},175.3,{"v":1831.2,"d":"1,831.2"}]
["Área das UPAs com (0, 1] ha","hectare",5,0.6,{"v":0.84,"d":"0.8"},{"v":1,"d":"1.0"},4.2]
["Área das UPAs com (1, 2] ha","hectare",15,1.2,{"v":1.65,"d":"1.7"},{"v":2,"d":"2.0"},24.7]
["Área das UPAs com (2, 5] ha","hectare",81,2.2,{"v":3.92,"d":"3.9"},{"v":5,"d":"5.0"},317.8]
["Área das UPAs com (5, 10] ha","hectare",135,5.4,{"v":7.64,"d":"7.6"},9.9,{"v":1031.8,"d":"1,031.8"}]
["Área das UPAs com (10, 20] ha","hectare",202,10.1,{"v":14.91,"d":"14.9"},{"v":20,"d":"20.0"},{"v":3011.7,"d":"3,011.7"}]
["Área das UPAs com (20, 50] ha","hectare",319,20.1,{"v":32.15,"d":"32.2"},{"v":50,"d":"50.0"},{"v":10255.8,"d":"10,255.8"}]
["Área das UPAs com (50, 100] ha","hectare",182,50.3,70.1,{"v":100,"d":"100.0"},{"v":12757.8,"d":"12,757.8"}]
["Área das UPAs com (100, 200] ha","hectare",143,101.6,{"v":141.62,"d":"141.6"},198.9,{"v":20251,"d":"20,251.0"}]
["Área das UPAs com (200, 500] ha","hectare",91,200.7,{"v":298.05,"d":"298.1"},490.5,{"v":27122.5,"d":"27,122.5"}]
["Área das UPAs com (500, 1.000] ha","hectare",33,502.7,{"v":762.17,"d":"762.2"},987.9,{"v":25151.6,"d":"25,151.6"}]
["Área das UPAs com (1.000, 2.000] ha","hectare",21,{"v":1113.2,"d":"1,113.2"},{"v":1427.4,"d":"1,427.4"},{"v":1950.8,"d":"1,950.8"},{"v":29975.3,"d":"29,975.3"}]
["Área das UPAs com (2.000, 5.000] ha","hectare",5,{"v":2982.8,"d":"2,982.8"},{"v":3329.7,"d":"3,329.7"},{"v":3824.4,"d":"3,824.4"},{"v":16648.5,"d":"16,648.5"}]
["Área das UPAs com (5.000, 10.000] ha","hectare","-","-","-","-","-"]
["Área das UPAs acima de 10.000 ha","hectare","-","-","-","-","-"]
["Familiares do proprietário que trabalham na UPA","unidade",926,{"v":1,"d":"1.0"},{"v":1.44,"d":"1.4"},{"v":10,"d":"10.0"},{"v":1331,"d":"1,331.0"}]
["Trabalhadores permanentes","unidade",594,{"v":1,"d":"1.0"},{"v":4.05,"d":"4.1"},{"v":280,"d":"280.0"},{"v":2406,"d":"2,406.0"}]
["Fonte: Secretaria de Agricultura e Abastecimento, CDRS/IEA, Projeto LUPA."]
[]
["TABELA 63.2 - Explorações Animais, Município de Barretos, Estado de São Paulo, 2007/08."]
["ITEM","UNIDADE","N.DE UPAs","MÍNIMO","MÉDIO","MÁXIMO","TOTAL"]
["Apicultura","colmeias",1,{"v":26,"d":"26.0"},{"v":26,"d":"26.0"},{"v":26,"d":"26.0"},{"v":26,"d":"26.0"}]
["Asininos E Muares","cabeças",4,{"v":1,"d":"1.0"},1.5,{"v":3,"d":"3.0"},{"v":6,"d":"6.0"}]
["Avicultura de Corte","cabeças/ano",5,{"v":15,"d":"15.0"},{"v":61607,"d":"61,607.0"},{"v":144000,"d":"144,000.0"},{"v":308035,"d":"308,035.0"}]
["Avicultura para Ovos","cabeças",1,{"v":83000,"d":"83,000.0"},{"v":83000,"d":"83,000.0"},{"v":83000,"d":"83,000.0"},{"v":83000,"d":"83,000.0"}]
["Bovinocultura de Corte","cabeças",79,{"v":2,"d":"2.0"},{"v":321.78,"d":"321.8"},{"v":2900,"d":"2,900.0"},{"v":25421,"d":"25,421.0"}]
["Bovinocultura Leiteira","cabeças",110,{"v":1,"d":"1.0"},{"v":62.55,"d":"62.6"},{"v":1000,"d":"1,000.0"},{"v":6880,"d":"6,880.0"}]
["Bovinocultura Mista","cabeças",513,{"v":2,"d":"2.0"},{"v":50.15,"d":"50.2"},{"v":1537,"d":"1,537.0"},{"v":25729,"d":"25,729.0"}]
["Bubalinocultura","cabeças",1,{"v":8,"d":"8.0"},{"v":8,"d":"8.0"},{"v":8,"d":"8.0"},{"v":8,"d":"8.0"}]
["Capivaras (Criadouro)","cabeças",1,{"v":1,"d":"1.0"},{"v":1,"d":"1.0"},{"v":1,"d":"1.0"},{"v":1,"d":"1.0"}]
["Caprinocultura","cabeças",2,{"v":20,"d":"20.0"},{"v":30,"d":"30.0"},{"v":40,"d":"40.0"},{"v":60,"d":"60.0"}]
["Equinocultura","cabeças",257,{"v":1,"d":"1.0"},{"v":5.99,"d":"6.0"},{"v":150,"d":"150.0"},{"v":1540,"d":"1,540.0"}]
["Mitilicultura","viveiros",1,{"v":2,"d":"2.0"},{"v":2,"d":"2.0"},{"v":2,"d":"2.0"},{"v":2,"d":"2.0"}]
["Ovinocultura","cabeças",30,{"v":2,"d":"2.0"},{"v":21.67,"d":"21.7"},{"v":80,"d":"80.0"},{"v":650,"d":"650.0"}]
["Piscicultura","m² tanques",13,{"v":1,"d":"1.0"},{"v":4764,"d":"4,764.0"},{"v":35000,"d":"35,000.0"},{"v":61932,"d":"61,932.0"}]
["Suinocultura","cabeças",7,{"v":20,"d":"20.0"},{"v":152.14,"d":"152.1"},{"v":600,"d":"600.0"},{"v":1065,"d":"1,065.0"}]
["Fonte: Secretaria de Agricultura e Abastecimento, CDRS/IEA, Projeto LUPA."]
[]
["TABELA 63.3 -  Máquinas, Implementos e Benfeitorias, Município de Barretos, Estado de São Paulo, 2007/08."]
["ITEM","UNIDADE","N.DE UPAs","MÍNIMO","MÉDIO","MÁXIMO","TOTAL"]
["Arado Comum (Bacia, Aiveca)","Unidade",341,{"v":1,"d":"1.0"},{"v":1.26,"d":"1.3"},{"v":6,"d":"6.0"},{"v":428,"d":"428.0"}]
["Arado Escarificador","Unidade",10,{"v":1,"d":"1.0"},1.4,{"v":3,"d":"3.0"},{"v":14,"d":"14.0"}]
["Arado Subsolador","Unidade",92,{"v":1,"d":"1.0"},{"v":1.24,"d":"1.2"},{"v":10,"d":"10.0"},{"v":114,"d":"114.0"}]
["Batedeira de Cereais","Unidade",1,{"v":2,"d":"2.0"},{"v":2,"d":"2.0"},{"v":2,"d":"2.0"},{"v":2,"d":"2.0"}]
["Câmara Fria","Unidade",2,{"v":2,"d":"2.0"},8.5,{"v":15,"d":"15.0"},{"v":17,"d":"17.0"}]
["Carregadeira de Cana","Unidade",5,{"v":1,"d":"1.0"},{"v":2,"d":"2.0"},{"v":3,"d":"3.0"},{"v":10,"d":"10.0"}]
["Colhedeira Acoplada","Unidade",5,{"v":1,"d":"1.0"},1.2,{"v":2,"d":"2.0"},{"v":6,"d":"6.0"}]
["Colhedeira Automotriz","Unidade",15,{"v":1,"d":"1.0"},{"v":1.53,"d":"1.5"},{"v":6,"d":"6.0"},{"v":23,"d":"23.0"}]
["Computador","Unidade",5,{"v":1,"d":"1.0"},{"v":2,"d":"2.0"},{"v":4,"d":"4.0"},{"v":10,"d":"10.0"}]
["Conj.Irrigação Autopropelido","Unidade",6,{"v":1,"d":"1.0"},1.5,{"v":2,"d":"2.0"},{"v":9,"d":"9.0"}]
["Conj.Irrigação Convencional","Unidade",9,{"v":1,"d":"1.0"},{"v":1.44,"d":"1.4"},{"v":4,"d":"4.0"},{"v":13,"d":"13.0"}]
["Conj.Irrigação Pivot Central","Unidade",8,{"v":1,"d":"1.0"},1.5,{"v":2,"d":"2.0"},{"v":12,"d":"12.0"}]
["Conj.Irrigação/Gotejamento/Microaspersão","Unidade",43,{"v":1,"d":"1.0"},{"v":1.21,"d":"1.2"},{"v":5,"d":"5.0"},{"v":52,"d":"52.0"}]
["Conjunto de Fenação","Unidade",6,{"v":1,"d":"1.0"},{"v":1.33,"d":"1.3"},{"v":2,"d":"2.0"},{"v":8,"d":"8.0"}]
["Desintegrador de Palha (Plantio Direto)","Unidade",1,{"v":1,"d":"1.0"},{"v":1,"d":"1.0"},{"v":1,"d":"1.0"},{"v":1,"d":"1.0"}]
["Desintegrador, Picador, Triturador","Unidade",288,{"v":1,"d":"1.0"},{"v":1.04,"d":"1.0"},{"v":2,"d":"2.0"},{"v":299,"d":"299.0"}]
["Distribuidor de Calcário","Unidade",144,{"v":1,"d":"1.0"},{"v":1.13,"d":"1.1"},{"v":4,"d":"4.0"},{"v":163,"d":"163.0"}]
["Ensiladeira","Unidade",67,{"v":1,"d":"1.0"},{"v":1.06,"d":"1.1"},{"v":2,"d":"2.0"},{"v":71,"d":"71.0"}]
["Grade Aradora (Tipo Romi)","Unidade",201,{"v":1,"d":"1.0"},{"v":1.27,"d":"1.3"},{"v":6,"d":"6.0"},{"v":256,"d":"256.0"}]
["Grade Niveladora","Unidade",273,{"v":1,"d":"1.0"},{"v":1.26,"d":"1.3"},{"v":5,"d":"5.0"},{"v":344,"d":"344.0"}]
["Implementos para Tração Animal","Unidade",1,{"v":1,"d":"1.0"},{"v":1,"d":"1.0"},{"v":1,"d":"1.0"},{"v":1,"d":"1.0"}]
["Microtrator","Unidade",5,{"v":1,"d":"1.0"},{"v":1,"d":"1.0"},{"v":1,"d":"1.0"},{"v":5,"d":"5.0"}]
["Misturador de Ração","Unidade",13,{"v":1,"d":"1.0"},{"v":1,"d":"1.0"},{"v":1,"d":"1.0"},{"v":13,"d":"13.0"}]
["Ordenhadeira Mecânica","Unidade",11,{"v":1,"d":"1.0"},{"v":2.18,"d":"2.2"},{"v":5,"d":"5.0"},{"v":24,"d":"24.0"}]
["Pulverizador Tratorizado","Unidade",257,{"v":1,"d":"1.0"},{"v":1.65,"d":"1.7"},{"v":16,"d":"16.0"},{"v":423,"d":"423.0"}]
["Resfriador de Leite, Tanque Expansão","Unidade",5,{"v":1,"d":"1.0"},1.2,{"v":2,"d":"2.0"},{"v":6,"d":"6.0"}]
["Semeadeira/Adubadeira para Plantio Convencional","Unidade",141,{"v":1,"d":"1.0"},{"v":1.26,"d":"1.3"},{"v":6,"d":"6.0"},{"v":177,"d":"177.0"}]
["Semeadeira/Plantadeira Plantio Direto","Unidade",32,{"v":1,"d":"1.0"},{"v":1.44,"d":"1.4"},{"v":8,"d":"8.0"},{"v":46,"d":"46.0"}]
["Terraceador","Unidade",39,{"v":1,"d":"1.0"},1.1,{"v":2,"d":"2.0"},{"v":43,"d":"43.0"}]
["Trator de Esteiras","Unidade",5,{"v":1,"d":"1.0"},{"v":1,"d":"1.0"},{"v":1,"d":"1.0"},{"v":5,"d":"5.0"}]
["Trator de Pneus","Unidade",500,{"v":1,"d":"1.0"},{"v":2.01,"d":"2.0"},{"v":40,"d":"40.0"},{"v":1007,"d":"1,007.0"}]
["Açude/Represa","Unidade",221,{"v":1,"d":"1.0"},{"v":1.71,"d":"1.7"},{"v":13,"d":"13.0"},{"v":379,"d":"379.0"}]
["Almoxarifado/Oficina","Unidade",17,{"v":1,"d":"1.0"},{"v":1.06,"d":"1.1"},{"v":2,"d":"2.0"},{"v":18,"d":"18.0"}]
["Armazém para Grãos Ensacados","Sacas",5,{"v":1,"d":"1.0"},{"v":1,"d":"1.0"},{"v":1,"d":"1.0"},{"v":5,"d":"5.0"}]
["Balança para Bovinos","Unidade",15,{"v":1,"d":"1.0"},{"v":1,"d":"1.0"},{"v":1,"d":"1.0"},{"v":15,"d":"15.0"}]
["Balança para Veículos","Unidade",5,{"v":1,"d":"1.0"},{"v":1,"d":"1.0"},{"v":1,"d":"1.0"},{"v":5,"d":"5.0"}]
["Barracão para Granja/Avicultura","Unidade",6,{"v":1,"d":"1.0"},{"v":9.17,"d":"9.2"},{"v":50,"d":"50.0"},{"v":55,"d":"55.0"}]
["Barracão/Galpão/Garagem","Unidade",691,{"v":1,"d":"1.0"},1.3,{"v":9,"d":"9.0"},{"v":901,"d":"901.0"}]
["Casa de Moradia Habitada","Unidade",902,{"v":1,"d":"1.0"},{"v":1.75,"d":"1.8"},{"v":15,"d":"15.0"},{"v":1577,"d":"1,577.0"}]
["Casa de Moradia Total","Unidade",{"v":1019,"d":"1,019"},{"v":1,"d":"1.0"},2.1,{"v":23,"d":"23.0"},{"v":2136,"d":"2,136.0"}]
["Curral/Mangueira","Unidade",618,{"v":1,"d":"1.0"},{"v":1.06,"d":"1.1"},{"v":3,"d":"3.0"},{"v":652,"d":"652.0"}]
["Depósito/Tulha","Unidade",156,{"v":1,"d":"1.0"},{"v":1.09,"d":"1.1"},{"v":4,"d":"4.0"},{"v":170,"d":"170.0"}]
["Engenho","Unidade",1,{"v":1,"d":"1.0"},{"v":1,"d":"1.0"},{"v":1,"d":"1.0"},{"v":1,"d":"1.0"}]
["Estábulo","Unidade",7,{"v":1,"d":"1.0"},{"v":2.86,"d":"2.9"},{"v":10,"d":"10.0"},{"v":20,"d":"20.0"}]
["Estufa/Plasticultura","m²",1,{"v":2,"d":"2.0"},{"v":2,"d":"2.0"},{"v":2,"d":"2.0"},{"v":2,"d":"2.0"}]
["Fábrica de Ração","Unidade",3,{"v":1,"d":"1.0"},{"v":1,"d":"1.0"},{"v":1,"d":"1.0"},{"v":3,"d":"3.0"}]
["Instalações para Equinos","Unidade",14,{"v":1,"d":"1.0"},{"v":4.14,"d":"4.1"},{"v":10,"d":"10.0"},{"v":58,"d":"58.0"}]
["Máquina de Benefício","Unidade",1,{"v":1,"d":"1.0"},{"v":1,"d":"1.0"},{"v":1,"d":"1.0"},{"v":1,"d":"1.0"}]
["Pocilga","Unidade",13,{"v":1,"d":"1.0"},{"v":1.38,"d":"1.4"},{"v":4,"d":"4.0"},{"v":18,"d":"18.0"}]
["Poço Semi-Artesiano","Unidade",390,{"v":1,"d":"1.0"},{"v":1.08,"d":"1.1"},{"v":6,"d":"6.0"},{"v":422,"d":"422.0"}]
["Posto Meteorológico","Unidade",1,{"v":1,"d":"1.0"},{"v":1,"d":"1.0"},{"v":1,"d":"1.0"},{"v":1,"d":"1.0"}]
["Secador de Grãos","Unidade",2,{"v":1,"d":"1.0"},{"v":1,"d":"1.0"},{"v":1,"d":"1.0"},{"v":2,"d":"2.0"}]
["Silo para Grãos","t",2,{"v":1,"d":"1.0"},1.5,{"v":2,"d":"2.0"},{"v":3,"d":"3.0"}]
["Silo para Silagem","t",9,{"v":1,"d":"1.0"},{"v":2.11,"d":"2.1"},{"v":4,"d":"4.0"},{"v":19,"d":"19.0"}]
["Terreiro","m²",8,{"v":1,"d":"1.0"},{"v":1,"d":"1.0"},{"v":1,"d":"1.0"},{"v":8,"d":"8.0"}]
["Fonte: Secretaria de Agricultura e Abastecimento, CDRS/IEA, Projeto LUPA."]
[]
["TABELA 63.4 - Outras Estatísticas Agrícolas, Município de Barretos, Estado de São Paulo, 2007/08."]
["ITEM","Número de UPAs",null,"Percentual"]
["Faz Parte de Associação de Produtores",75,null,{"v":6.087662337662338,"d":"6.1"}]
["Faz Parte de Cooperativa de Produtores",577,null,{"v":46.83441558441558,"d":"46.8"}]
["Faz Parte do Sindicato de Produtores",266,null,{"v":21.59090909090909,"d":"21.6"}]
["Não utiliza assistência técnica ",902,null,{"v":73.21428571428571,"d":"73.2"}]
["Utiliza somente assistência técnica governamental ",77,null,{"v":6.25,"d":"6.3"}]
["Utiliza somente assistência técnica privada ",227,null,{"v":18.425324675324674,"d":"18.4"}]
["Utiliza assistência técnica tanto governamental quanto privada",26,null,{"v":2.1103896103896105,"d":"2.1"}]
["Utiliza Crédito Rural",42,null,{"v":3.409090909090909,"d":"3.4"}]
["Utiliza Seguro Rural",7,null,{"v":0.5681818181818182,"d":"0.6"}]
["Utiliza Escrituração Agrícola",726,null,{"v":58.92857142857143,"d":"58.9"}]
["Acessa Internet p/ Fins na Agropecuária",18,null,{"v":1.461038961038961,"d":"1.5"}]
["Utiliza Computador nas Atividades Agropecuárias",25,null,{"v":2.029220779220779,"d":"2.0"}]
["Utiliza Energia Elétrica Para Uso na Atividade Agrícola",{"v":1056,"d":"1,056"},null,{"v":85.71428571428571,"d":"85.7"}]
["Realiza Análise de Solo, quando necessário",469,null,{"v":38.06818181818181,"d":"38.1"}]
["Utiliza Práticas de Conservação de Solo, quando necessário",717,null,{"v":58.19805194805194,"d":"58.2"}]
["Faz Adubação Mineral, quando necessário",753,null,{"v":61.120129870129865,"d":"61.1"}]
["Faz Adubação Orgânica, quando necessário",83,null,{"v":6.737012987012987,"d":"6.7"}]
["Faz Adubação Verde, quando necessário",34,null,{"v":2.75974025974026,"d":"2.8"}]
["Utiliza Manejo Integrado de Pragas (MIP)",12,null,{"v":0.9740259740259741,"d":"1.0"}]
["Utiliza Hidroponia","-",null,"-"]
["Utiliza Plasticultura",3,null,{"v":0.24350649350649353,"d":"0.2"}]
["Utiliza Mudas Fiscalizadas",118,null,{"v":9.577922077922077,"d":"9.6"}]
["Utiliza Semente Melhorada",105,null,{"v":8.522727272727273,"d":"8.5"}]
["Faz Confinamento de Bovinos",11,null,{"v":0.8928571428571429,"d":"0.9"}]
["Utiliza Pastejo Intensivo",57,null,{"v":4.626623376623376,"d":"4.6"}]
["Faz Inseminação Artificial",15,null,{"v":1.2175324675324677,"d":"1.2"}]
["Faz Mineralização do Rebanho",634,null,{"v":51.46103896103896,"d":"51.5"}]
["Faz Vermifugação do Rebanho",637,null,{"v":51.70454545454545,"d":"51.7"}]
["Possui Parceiros /Arrendatários na Exploração Animal",102,null,{"v":8.279220779220779,"d":"8.3"}]
["Esporte e lazer",1,null,{"v":0.08116883116883117,"d":"0.1"}]
["Extração mineral","-",null,"-"]
["Hotel Fazenda, Pousada ou SPA","-",null,"-"]
["Pesque-pague",1,null,{"v":0.08116883116883117,"d":"0.1"}]
["Restaurante ou Lanchonete",2,null,{"v":0.16233766233766234,"d":"0.2"}]
["Transformação artesanal","-",null,"-"]
["Turismo rural ou ecoturismo","-",null,"-"]
["Outras atividades econômicas rurais",1,null,{"v":0.08116883116883117,"d":"0.1"}]
["Agroindústria","-",null,"-"]
["Proprietário sem instrução ou com instrução incompleta",51,null,{"v":4.13961038961039,"d":"4.1"}]
["Proprietário com antigo primário completo",345,null,{"v":28.003246753246753,"d":"28.0"}]
["Proprietário com 1° grau (ou antigo ginasial) completo",216,null,{"v":17.532467532467532,"d":"17.5"}]
["Proprietário com 2° grau (ou antigo colegial) completo",262,null,{"v":21.266233766233768,"d":"21.3"}]
["Proprietário com curso superior completo ",338,null,{"v":27.435064935064936,"d":"27.4"}]
["Pessoa Jurídica",20,null,{"v":1.6233766233766236,"d":"1.6"}]
["Proprietário residente na própria UPA ",251,null,{"v":20.373376623376622,"d":"20.4"}]
["Fonte: Secretaria de Agricultura e Abastecimento, CDRS/IEA, Projeto LUPA."]
[]
["TABELA 63.5 - Área Cultivada, Município de Barretos, Estado de São Paulo, 2007/08."]
["CULTURA","N.DE UPAs","MÍNIMO","MÉDIO","MÁXIMO","TOTAL"]
["Cana-de-acucar",513,0.3,{"v":125.51,"d":"125.5"},{"v":2649.5,"d":"2,649.5"},{"v":64388.5,"d":"64,388.5"}]
["Braquiaria",653,0.2,{"v":42.77,"d":"42.8"},{"v":2356,"d":"2,356.0"},{"v":27928.4,"d":"27,928.4"}]
["Laranja",200,0.1,{"v":83.19,"d":"83.2"},{"v":2584.2,"d":"2,584.2"},{"v":16638.3,"d":"16,638.3"}]
["Soja",78,2.4,{"v":92.84,"d":"92.8"},{"v":1452,"d":"1,452.0"},{"v":7241.3,"d":"7,241.3"}]
["Coloniao",30,{"v":1,"d":"1.0"},{"v":88.51,"d":"88.5"},{"v":588,"d":"588.0"},{"v":2655.4,"d":"2,655.4"}]
["Seringueira",104,0.6,{"v":23.02,"d":"23.0"},{"v":200,"d":"200.0"},{"v":2394.3,"d":"2,394.3"}]
["Sorgo",17,{"v":1,"d":"1.0"},{"v":137.84,"d":"137.8"},822.8,{"v":2343.2,"d":"2,343.2"}]
["Gramas",149,0.3,{"v":12.19,"d":"12.2"},{"v":326,"d":"326.0"},{"v":1816.6,"d":"1,816.6"}]
["Milho",131,0.8,{"v":11.46,"d":"11.5"},387.2,{"v":1500.8,"d":"1,500.8"}]
["Limao",9,0.1,{"v":90.57,"d":"90.6"},{"v":804,"d":"804.0"},815.1]
["Algodao",5,{"v":11,"d":"11.0"},77.6,174.2,{"v":388,"d":"388.0"}]
["Amendoim",6,10.3,{"v":40.55,"d":"40.6"},92.2,243.3]
["Eucalipto",25,0.1,{"v":4.77,"d":"4.8"},53.6,119.3]
["Coco-da-baia",13,0.2,{"v":4.12,"d":"4.1"},19.3,53.5]
["Crotalaria",9,1.2,{"v":4.43,"d":"4.4"},9.6,39.9]
["Mandioca",24,0.2,{"v":1.58,"d":"1.6"},6.4,37.9]
["Tangerina",10,0.3,{"v":3.06,"d":"3.1"},24.9,30.6]
["Capim-napier (ou capim-elefante)",6,0.4,{"v":3.93,"d":"3.9"},10.8,23.6]
["Outras gramineas para pastagem",1,21.7,21.7,21.7,21.7]
["Outras olericolas",7,{"v":1,"d":"1.0"},2.6,6.6,18.2]
["Outras florestais",12,0.2,{"v":1.18,"d":"1.2"},3.6,14.2]
["Abobora (ou jerimum)",8,0.2,{"v":1.08,"d":"1.1"},{"v":2,"d":"2.0"},8.6]
["Palmito",3,{"v":1,"d":"1.0"},{"v":1.93,"d":"1.9"},3.6,5.8]
["Melancia",2,1.8,2.6,3.4,5.2]
["Horta domestica",4,0.2,{"v":1.18,"d":"1.2"},2.7,4.7]
["Mucuna",1,{"v":4,"d":"4.0"},{"v":4,"d":"4.0"},{"v":4,"d":"4.0"},{"v":4,"d":"4.0"}]
["Cafe",7,0.1,{"v":0.57,"d":"0.6"},{"v":2,"d":"2.0"},{"v":4,"d":"4.0"}]
["Abacate",1,3.8,3.8,3.8,3.8]
["Jilo",4,0.2,0.9,{"v":2,"d":"2.0"},3.6]
["Cacau",1,{"v":3,"d":"3.0"},{"v":3,"d":"3.0"},{"v":3,"d":"3.0"},{"v":3,"d":"3.0"}]
["Feijao-guandu (ou guandu, ou andu)",1,{"v":3,"d":"3.0"},{"v":3,"d":"3.0"},{"v":3,"d":"3.0"},{"v":3,"d":"3.0"}]
["Berinjela",3,0.2,0.9,{"v":2,"d":"2.0"},2.7]
["Viveiro de seringueira",2,0.1,{"v":1.35,"d":"1.4"},2.6,2.7]
["Abacaxi (ou ananas)",1,2.4,2.4,2.4,2.4]
["Pinus",2,0.5,{"v":0.65,"d":"0.7"},0.8,1.3]
["Goiaba",2,0.4,0.6,0.8,1.2]
["Batata-doce",1,1.2,1.2,1.2,1.2]
["Arroz",1,1.2,1.2,1.2,1.2]
["Alface",1,{"v":1,"d":"1.0"},{"v":1,"d":"1.0"},{"v":1,"d":"1.0"},{"v":1,"d":"1.0"}]
["Uva rustica",1,{"v":1,"d":"1.0"},{"v":1,"d":"1.0"},{"v":1,"d":"1.0"},{"v":1,"d":"1.0"}]
["Pomar domestico",3,0.2,{"v":0.27,"d":"0.3"},0.4,0.8]
["Pimentao",1,0.5,0.5,0.5,0.5]
["Pimenta",1,0.1,0.1,0.1,0.1]
["Fonte: Secretaria de Agricultura e Abastecimento, CDRS/IEA, Projeto LUPA."]